[Event "Hoersching op 3rd"]
[Site "Hoersching"]
[Date "2015.08.31"]
[Round "1"]
[White "Rauscher, Brigitte"]
[Black "Schobesberger, Alexander"]
[Result "0-1"]
[WhiteElo "947"]
[BlackElo "1840"]
[PlyCount "84"]
[EventDate "2015.08.31"]
[EventType "swiss"]
[EventRounds "7"]
[EventCountry "AUT"]
[SourceTitle "EXT 2016"]
[Source "ChessBase"]
[SourceDate "2015.10.08"]
[SourceVersion "1"]
[SourceVersionDate "2015.10.08"]
[SourceQuality "1"]

1. e4 e5 2. d3 Nc6 3. Nf3 Bc5 4. b3 Nf6 5. h3 d6 6. Bb2 0-0 7. Be2 Be6 8. Nbd2 Qd7 9. Ng5 h6 10. Nxe6 fxe6 11. Nf3 Nh5 12. Qd2 Nf4 13. Rh2 Rf6 14. 0-0-0 Bxf2 15. Bf1 Bg3 16. Rh1 Nh5 17. Kb1 Bf4 18. Qc3 Ng3 19. Rh2 Nxf1 20. Rh1 Ng3 21. Rhe1 d5 22. exd5 exd5 23. d4 e4 24. Ne5 Nxe5 25. dxe5 Re6 26. Qc5 c6 27. Qf2 Qf7 28. a4 Bxe5 29. Qxf7+ Kxf7 30. Bc1 d4 31. Bd2 e3 32. Bb4 b6 33. Rd3 c5 34. Ba3 Kg6 35. c3 Ne4 36. c4 Nf2 37. Kc2 Nxd3 38. Kxd3 Rf8 39. Re2 Ref6 40. g4 Rf2 41. Re1 R8f4 42. b4 Rd2# 0-1